Guess The Country #4 - Statistics

General Stats
  • This quiz has been taken 50 times
  • The average score is 12 of 15
Answer Stats
Hint Answer % Correct
Ironically not icy Iceland
96%
South of its communist counterpart South Korea
96%
Messi Argentina
93%
Swallowed by South Africa Lesotho
93%
Holland Netherlands
93%
Must stay neutral Switzerland
91%
Waffles Belgium
87%
Croatia doesn't let them have coastline Bosnia and Herzegovina
85%
Missile crisis Cuba
85%
Galapagos Ecuador
83%
Burma Myanmar
83%
Civil war in the Middle East Syria
72%
Timbuktu Mali
70%
Country, not the kids movie Madagascar
28%
Mauritania but not ania Mauritis
4%
No matching quizzes found
Score Distribution
Percent of People with Each Score
Percentile by Number Answered
Your Score History
You have not taken this quiz